1673 1283 1710 1742 1826 1561 1759 1941 1564 1901 1557 1857 1931 1220 1854 1503 1580 1109 1068 1073 1764 1504 1930 1453 1072 1921 1158 1911 1175 1048 1556 1556 1338 1424 1516 1300 1131 1802 1249 1555 1609 1952 1253 1857 1994 1458 1458 1685 1679 1202 1607 1475 1308 1800 1531 1881 1832 1908 1694 1514 1670 1236 1986 1924 1030 1859 1630 1376 1609 1496 1531 1279 1207 1447 1951 1589 1933 1748 1748 1582 1797 1415 1774 1364 1967 1523 1236 1860 1990 1346 1267 1561 1762 1117 1980 1287 1139 1203 1493 BCNSPRNW ULIB Ver.6.0+V

เปลี่ยนเป็นภาษาไทย

Change to English
 แสดงรายละเอียดบรรณานุกรม
  กลับหน้าหลัก

Brief Record : Get Marc (ISO 2709) : E-mail record : QR code < ปิดหน้าต่าง
LEADER : 00000nam 2200000 a 4500
001    13399113685
003     ULIB
008    111214s||||||||th 000 0 tha d
020    ^a9780170184779
060 00 WY20.5^bR525R
100 1  ^aRichardson-Tench, Marilyn, Taylor, Beverley, Kermode, Stephen and Rpberts, Kathryn
245 10 ^aResearch in nursing /^cRichardson-Tench, Marilyn, Taylor, Beverley, Kermode, Stephen and Rpberts, Kathryn
250    ^a4th ed
260    ^aAustralia. :^bCengage Learning,^c2011
300    ^a288 p. :^bill
504    ^aIncludes bibliographies and index
650  0 ^aNursing^xResearch^xMethodology
650  2 ^aNursing
650  2 ^aResearch^xMethods
945    ^p2800^l0^i030822
995    ^a Kesorn
999 ^a ใช้งานได้ทุกระบบ
รายการนี้ยังไม่มีแท็ก
คุณยังไม่ได้ล็อกอิน คุณสามารถมีกิจกรรมร่วมกับเว็บไซต์ได้ แต่ต้องล็อกอินก่อน ::
  ล็อกอิน

รายการสื่อสารสนเทศ

ลำดับที่ ประเภท เลขเรียก/บาร์โค้ด สถานที่ สถานะ
- ไม่พบข้อมูล -

รายการใกล้เคียง
    หัวเรื่อง [Nursing]

BibComment


ยังไม่เคยถูกคอมเมนท์

คอมเมนท์ทรัพยากรรายการนี้
  คอมเมนท์: Research in nurs..


 Copyright 2026. Bcnsprnw @Library